000 00472nam a2200169 i 4500
001 45815
003 ES-MaACL
005 20230906161300.0
007 t|
008 030327s1883 fr ||||1| fre d
100 1 _aCollignon, Maxime.
_939712
245 1 0 _aMythologie figurée de la Grèce /
_cpar Maxime Collignon.
260 _aParis :
_bA. Quantin,
_c[1883]
300 _a360 p. :
_bil. ;
_c21 cm.
650 4 _aMitología griega.
_915104
852 _aES-MaACL
_jB-2500
999 _c45815
_d45815